Central Library OPAC University of Rajshahi

The Islamic Educational, Scientific, and Cultural Organization : (Record no. 59722)

MARC details
000 -LEADER
fixed length control field 00923nam a2200229 a 4500
001 - CONTROL NUMBER
control field 59722
003 - CONTROL NUMBER IDENTIFIER
rucl marc code BD-RjUL
005 - DATE AND TIME OF LATEST TRANSACTION
control field 20211209080749.0
008 - FIXED-LENGTH DATA ELEMENTS--GENERAL INFORMATION
fixed length control field 161227s1992 mr ac 000 0 eng
035 ## - SYSTEM CONTROL NUMBER
System control number (BD-RjUL)59846
040 ## - CATALOGING SOURCE
Original cataloging agency DLC
Transcribing agency DLC
Modifying agency BD-RjUL
Language of cataloging eng
041 0# - LANGUAGE CODE
Language code of text/sound track or separate title engara
082 ## - DEWEY DECIMAL CLASSIFICATION NUMBER
Edition number 23
Classification number 297
Author mark and year ISL 1992
110 2# - MAIN ENTRY--CORPORATE NAME
Corporate name or jurisdiction name as entry element ISESCO (Organization)
9 (RLIN) 177704
245 14 - TITLE STATEMENT
Title The Islamic Educational, Scientific, and Cultural Organization :
Remainder of title a decade in the service of the Islamic world = Organisation islamique pour l'éducation, les sciences et la culture : dix années au service du monde islamique /
246 31 - VARYING FORM OF TITLE
Title proper/short title Organisation islamique pour l'éducation, les sciences et la culture
Title proper/short title Munaẓẓamah al-Islāmīyah lil-Tarbiyah wa-al-ʻUlūm wa-al-Thaqāfah
260 ## - PUBLICATION, DISTRIBUTION, ETC. (IMPRINT)
Place of publication, distribution, etc. Morocco :
Name of publisher, distributor, etc. The Organization,
Date of publication, distribution, etc. 1992.
300 ## - PHYSICAL DESCRIPTION
Pagination 115, 113, 131 p. :
Illustrations ill. ;
Size 24 cm.
650 ## - SUBJECT ADDED ENTRY--TOPICAL TERM
Topical term or geographic name as entry element Islam
9 (RLIN) 170798
942 ## - ADDED ENTRY ELEMENTS (KOHA)
Source of classification or shelving scheme Dewey Decimal Classification
Koha item type Books
Holdings
Lost status Source of classification or shelving scheme Damaged status Not for loan Collection code Permanent Location Current Location Shelving location Date acquired Source of acquisition Total Checkouts Full call number Date last seen Copy number Koha item type
  Dewey Decimal Classification   Not For Loan Non-fiction Central Library, University of Rajshahi Central Library, University of Rajshahi Reading Room 03/07/1999 Asia foundation   297 ISL 1992 27/12/2016 C-1 Books